[Event "Olympiad-37"]
[Site "Turin"]
[Date "2006.06.02"]
[Round "11"]
[White "Ahmed, Ali Layth Ahmed"]
[Black "Sirias Martinez, Danilo"]
[Result "1-0"]
[WhiteElo "2179"]
[BlackElo "2309"]
[PlyCount "128"]
[EventDate "2006.05.21"]
[EventType "team-swiss"]
[EventRounds "13"]
[EventCountry "ITA"]
[SourceTitle "CBM 113"]
[Source "ChessBase"]
[SourceDate "2006.07.31"]
[SourceVersion "1"]
[SourceVersionDate "2006.07.31"]
[SourceQuality "1"]
[WhiteTeam "Iraq"]
[BlackTeam "Nicaragua"]
[WhiteTeamCountry "IRQ"]
[BlackTeamCountry "NCA"]

1. d4 Nf6 2. c4 e6 3. Nf3 b6 4. a3 Ba6 5. Qc2 Bb7 6. Nc3 c5 7. e4 cxd4 8. Nxd4 d6 9. g3 a6 10. Bg2 Qc7 11. Qe2 Be7 12. 0-0 Nbd7 13. Bd2 Rc8 14. b3 0-0 15. h3 Rfe8 16. g4 g6 17. g5 Nh5 18. Rac1 Bf8 19. Bf3 Ng7 20. Bg2 Qd8 21. Nc2 Nc5 22. Rb1 Be7 23. f4 f6 24. b4 Nd7 25. Ne3 Nh5 26. gxf6 Bxf6 27. Qd3 Qc7 28. Ne2 Bg7 29. Rbc1 Ndf6 30. Bc3 Rcd8 31. Ng4 Qe7 32. Qe3 b5 33. cxb5 axb5 34. Nd4 Qd7 35. Ne2 Bc6 36. Nd4 Ba8 37. Rfd1 e5 38. Nxf6+ Bxf6 39. fxe5 dxe5 40. Ne2 Qxd1+ 41. Rxd1 Rxd1+ 42. Kh2 Rdd8 43. Qb6 Rb8 44. Qd6 Bg7 45. Bf3 Nf6 46. Ng3 Rbd8 47. Qc5 Rc8 48. Qe3 Nd7 49. Bg4 Rc7 50. Qd3 Nf6 51. Bf3 Rc4 52. a4 Bc6 53. a5 Bf8 54. a6 Kf7 55. a7 Ba8 56. Bd1 Rc7 57. Bb3+ Kg7 58. Bd2 Rd7 59. Qe3 Nxe4 60. Nxe4 Bxe4 61. Bc3 Bd5 62. Bxe5+ Kg8 63. Qd4 Bxb3 64. Qxd7 Re7 1-0

[Event "Olympiad-37"]
[Site "Turin"]
[Date "2006.05.29"]
[Round "8"]
[White "Sirias Martinez, Danilo"]
[Black "Olape, Bunmi"]
[Result "1-0"]
[WhiteElo "2309"]
[BlackElo "2279"]
[PlyCount "93"]
[EventDate "2006.05.21"]
[EventType "team-swiss"]
[EventRounds "13"]
[EventCountry "ITA"]
[SourceTitle "CBM 113"]
[Source "ChessBase"]
[SourceDate "2006.07.31"]
[SourceVersion "1"]
[SourceVersionDate "2006.07.31"]
[SourceQuality "1"]
[WhiteTeam "Nicaragua"]
[BlackTeam "Nigeria"]
[WhiteTeamCountry "NCA"]
[BlackTeamCountry "NGR"]

1. e4 e5 2. Nf3 Nf6 3. Nxe5 d6 4. Nf3 Nxe4 5. Nc3 Nf6 6. d4 d5 7. Bd3 Bd6 8. 0-0 0-0 9. Bg5 c6 10. Qd2 Nbd7 11. Rfe1 Qc7 12. Re2 b6 13. Rae1 Bb7 14. Ne5 a6 15. Qf4 c5 16. Qh4 Ne4 17. Nxd7 Qxd7 18. dxc5 Bxc5 19. Nxe4 dxe4 20. Bxe4 Bxe4 21. Qxe4 h6 22. Bc1 Rfe8 23. Qf3 Rxe2 24. Qxe2 Qa4 25. Qe4 Qxe4 26. Rxe4 Rd8 27. Kf1 f5 28. Re2 Kf7 29. Rd2 Re8 30. Rd7+ Kf6 31. Bd2 g5 32. Bc3+ Kg6 33. Bd4 Bxd4 34. Rxd4 Re6 35. c4 f4 36. f3 Kf5 37. Rd5+ Kf6 38. g3 fxg3 39. hxg3 Rc6 40. b3 Re6 41. Kf2 h5 42. f4 gxf4 43. gxf4 Re4 44. Kf3 Re1 45. Rxh5 Rf1+ 46. Ke4 Re1+ 47. Kd5 1-0

[Event "Olympiad-37"]
[Site "Turin"]
[Date "2006.05.28"]
[Round "7"]
[White "Agnelo, Amorim"]
[Black "Sirias Martinez, Danilo"]
[Result "0-1"]
[WhiteElo "2176"]
[BlackElo "2309"]
[PlyCount "118"]
[EventDate "2006.05.21"]
[EventType "team-swiss"]
[EventRounds "13"]
[EventCountry "ITA"]
[SourceTitle "CBM 113"]
[Source "ChessBase"]
[SourceDate "2006.07.31"]
[SourceVersion "1"]
[SourceVersionDate "2006.07.31"]
[SourceQuality "1"]
[WhiteTeam "Angola"]
[BlackTeam "Nicaragua"]
[WhiteTeamCountry "ANG"]
[BlackTeamCountry "NCA"]

1. e4 c5 2. Nf3 e6 3. d4 cxd4 4. Nxd4 a6 5. Bd3 Nf6 6. c4 Nc6 7. Nxc6 dxc6 8. 0-0 e5 9. Qe2 Bc5 10. Be3 Qb6 11. Bxc5 Qxc5 12. Nc3 Bg4 13. Qc2 Rd8 14. Rfe1 0-0 15. h3 Be6 16. b3 Nh5 17. Rad1 Nf4 18. Bf1 Rd4 19. Na4 Qa5 20. Nc3 Rfd8 21. Kh2 Bc8 22. g3 Ne6 23. Be2 Qc5 24. Kg2 b5 25. h4 h6 26. Qc1 Bb7 27. Qb2 Qd6 28. Qc2 b4 29. Nb1 c5 30. Bf3 f5 31. Rc1 Rd3 32. Re3 f4 33. Rxd3 Qxd3 34. Qxd3 Rxd3 35. Re1 Nd4 36. Bg4 f3+ 37. Kh3 Kf7 38. h5 Kf6 39. Kh4 Bc6 40. Bh3 Ne2 41. Bf1 Bxe4 42. Bxe2 fxe2 43. Rxe2 Rd4 44. f4 Bxb1 45. Rxe5 Bxa2 46. Rxc5 Rd6 47. g4 Bxb3 48. g5+ hxg5+ 49. fxg5+ Ke7 50. Rc7+ Rd7 51. Rc6 Rd4+ 52. Kg3 Bxc4 53. Rc7+ Rd7 54. Rxc4 Rb7 55. Re4+ Kf7 56. g6+ Kf6 57. Kg4 b3 58. Rf4+ Ke6 59. Re4+ Kd5 0-1

[Event "Olympiad-37"]
[Site "Turin"]
[Date "2006.05.25"]
[Round "5"]
[White "Sirias Martinez, Danilo"]
[Black "Davletbakov, Saddam"]
[Result "1/2-1/2"]
[WhiteElo "2309"]
[BlackElo "2015"]
[PlyCount "85"]
[EventDate "2006.05.21"]
[EventType "team-swiss"]
[EventRounds "13"]
[EventCountry "ITA"]
[SourceTitle "CBM 113"]
[Source "ChessBase"]
[SourceDate "2006.07.31"]
[SourceVersion "1"]
[SourceVersionDate "2006.07.31"]
[SourceQuality "1"]
[WhiteTeam "Nicaragua"]
[BlackTeam "Kyrgyzstan"]
[WhiteTeamCountry "NCA"]
[BlackTeamCountry "KGZ"]

1. e4 c5 2. Nc3 e6 3. Nge2 d6 4. g3 Nf6 5. Bg2 Be7 6. 0-0 0-0 7. d3 Nc6 8. h3 a6 9. f4 d5 10. Kh1 b5 11. e5 Ne8 12. d4 b4 13. Na4 cxd4 14. Nxd4 Bd7 15. b3 Nxd4 16. Qxd4 Rc8 17. Bd2 a5 18. c3 Nc7 19. cxb4 Nb5 20. Qd3 axb4 21. Rfc1 Rc6 22. Rxc6 Bxc6 23. Rc1 Qa8 24. f5 exf5 25. Qxf5 Bb7 26. Qd7 Nc3 27. Qxe7 Re8 28. Qxb4 Nxa2 29. Qd4 Nxc1 30. Bxc1 Qc8 31. Nc5 Bc6 32. Bb2 Qf5 33. Kh2 h5 34. b4 Qc2 35. Nd3 Qc4 36. Nf4 Ra8 37. Qb6 h4 38. Bd4 hxg3+ 39. Kxg3 Ra4 40. Bc5 Ra3+ 41. Bf3 Qe4 42. Qd8+ Kh7 43. Qh4+ 1/2-1/2

[Event "Olympiad-37"]
[Site "Turin"]
[Date "2006.05.22"]
[Round "2"]
[White "Sirias Martinez, Danilo"]
[Black "Calangi, Zachary Alexander"]
[Result "1-0"]
[WhiteElo "2309"]
[BlackElo "2150"]
[PlyCount "105"]
[EventDate "2006.05.21"]
[EventType "team-swiss"]
[EventRounds "13"]
[EventCountry "ITA"]
[SourceTitle "CBM 113"]
[Source "ChessBase"]
[SourceDate "2006.07.31"]
[SourceVersion "1"]
[SourceVersionDate "2006.07.31"]
[SourceQuality "1"]
[WhiteTeam "Nicaragua"]
[BlackTeam "Macau"]
[WhiteTeamCountry "NCA"]
[BlackTeamCountry "MAC"]

1. e4 b6 2. d4 e6 3. Nf3 Bb7 4. Bd3 d6 5. 0-0 Nd7 6. Nbd2 g6 7. Re1 Bg7 8. Nf1 Ne7 9. Ng3 0-0 10. c3 a6 11. a4 e5 12. Bc2 h6 13. Bd2 Rc8 14. Qc1 Kh7 15. h4 c5 16. dxe5 Nxe5 17. Nxe5 dxe5 18. h5 Qc7 19. hxg6+ fxg6 20. f3 Ng8 21. Be3 Rcd8 22. Rd1 Bf6 23. Nf1 Be7 24. Bd3 c4 25. Be2 Bc5 26. Bxc4 Rxd1 27. Bxg8+ Rxg8 28. Qxd1 Rd8 29. Qe2 a5 30. Kh2 Bxe3 31. Nxe3 Qf7 32. Kg1 Qc7 33. Rd1 Bc6 34. Rxd8 Qxd8 35. Qc4 Qe8 36. b3 b5 37. axb5 Bxb5 38. Qc7+ Qd7 39. Qxd7+ Bxd7 40. Nc4 a4 41. bxa4 Bxa4 42. Nxe5 Kg7 43. Kf2 g5 44. Ke3 h5 45. g3 h4 46. gxh4 gxh4 47. Kf4 Kf6 48. Ng4+ Kg6 49. c4 Kf7 50. Kg5 Bd1 51. Nh2 h3 52. Kg4 Ke6 53. Kxh3 1-0

[Event "Olympiad-36"]
[Site "Mallorca"]
[Date "2004.10.29"]
[Round "14"]
[White "Sirias Martinez, Danilo"]
[Black "Ferrufino, Boris"]
[Result "1/2-1/2"]
[WhiteElo "2285"]
[BlackElo "2231"]
[PlyCount "33"]
[EventDate "2004.10.15"]
[EventType "team-swiss"]
[EventRounds "14"]
[EventCountry "ESP"]
[SourceTitle "CBM 104"]
[Source "ChessBase"]
[SourceDate "2005.01.27"]
[SourceVersion "1"]
[SourceVersionDate "2005.01.27"]
[SourceQuality "1"]
[WhiteTeam "Nicaragua"]
[BlackTeam "Bolivia"]
[WhiteTeamCountry "NCA"]
[BlackTeamCountry "BOL"]

1. e4 c5 2. Nc3 Nc6 3. f4 g6 4. Nf3 Bg7 5. Bc4 d6 6. 0-0 e6 7. d3 Nge7 8. Qe1 Nd4 9. Nxd4 cxd4 10. Ne2 0-0 11. Bb3 Qc7 12. g4 f5 13. Ng3 Kh8 14. exf5 exf5 15. g5 b6 16. h4 Bb7 17. Qf2 1/2-1/2

[Event "Olympiad-36"]
[Site "Mallorca"]
[Date "2004.10.27"]
[Round "12"]
[White "Jodorcovsky Werjivker, Paulo"]
[Black "Sirias Martinez, Danilo"]
[Result "1/2-1/2"]
[WhiteElo "2278"]
[BlackElo "2285"]
[PlyCount "37"]
[EventDate "2004.10.15"]
[EventType "team-swiss"]
[EventRounds "14"]
[EventCountry "ESP"]
[SourceTitle "CBM 104"]
[Source "ChessBase"]
[SourceDate "2005.01.27"]
[SourceVersion "1"]
[SourceVersionDate "2005.01.27"]
[SourceQuality "1"]
[WhiteTeam "Paraguay"]
[BlackTeam "Nicaragua"]
[WhiteTeamCountry "PAR"]
[BlackTeamCountry "NCA"]

1. e4 c5 2. Nf3 e6 3. d4 cxd4 4. Nxd4 a6 5. c4 Nf6 6. Nc3 Qc7 7. a3 b6 8. Be2 Bb7 9. f3 Be7 10. Be3 d6 11. 0-0 0-0 12. Rc1 Nbd7 13. b4 Rac8 14. Qd2 Qb8 15. Rfd1 Bd8 16. Kh1 Bc7 17. Bg1 Kh8 18. Rc2 Rg8 19. Rb1 1/2-1/2

[Event "Olympiad-36"]
[Site "Mallorca"]
[Date "2004.10.23"]
[Round "8"]
[White "Solomon, Kenny"]
[Black "Sirias Martinez, Danilo"]
[Result "1/2-1/2"]
[WhiteElo "2358"]
[BlackElo "2285"]
[PlyCount "79"]
[EventDate "2004.10.15"]
[EventType "team-swiss"]
[EventRounds "14"]
[EventCountry "ESP"]
[SourceTitle "CBM 104"]
[Source "ChessBase"]
[SourceDate "2005.01.27"]
[SourceVersion "1"]
[SourceVersionDate "2005.01.27"]
[SourceQuality "1"]
[WhiteTeam "South Africa"]
[BlackTeam "Nicaragua"]
[WhiteTeamCountry "RSA"]
[BlackTeamCountry "NCA"]

1. d4 Nf6 2. c4 e6 3. Nc3 Bb4 4. e3 0-0 5. Nge2 d5 6. a3 Be7 7. cxd5 exd5 8. g3 c6 9. Bg2 Bf5 10. h3 h5 11. Nf4 g6 12. 0-0 Bd6 13. b3 Qc8 14. Kh2 Re8 15. h4 Nbd7 16. Kg1 Nf8 17. Bb2 Ne6 18. Re1 Ng7 19. Rc1 Qd7 20. Nd3 Bh3 21. Ne5 Qe6 22. Na4 Bxg2 23. Kxg2 Ne4 24. Nc3 Nxc3 25. Rxc3 Nf5 26. Rc1 Kh7 27. Qf3 f6 28. Nd3 Qe4 29. Qxe4 Rxe4 30. a4 Rg4 31. Nf4 Kh6 32. Kh1 Bxf4 33. exf4 g5 34. hxg5+ fxg5 35. Kh2 Nh4 36. gxh4 Rxf4 37. Kg3 Rg4+ 38. Kf3 Rf4+ 39. Kg3 Rg4+ 40. Kf3 1/2-1/2

[Event "Olympiad-36"]
[Site "Mallorca"]
[Date "2004.10.20"]
[Round "6"]
[White "Corke, Anya Sun"]
[Black "Sirias Martinez, Danilo"]
[Result "1-0"]
[WhiteElo "2041"]
[BlackElo "2285"]
[PlyCount "81"]
[EventDate "2004.10.15"]
[EventType "team-swiss"]
[EventRounds "14"]
[EventCountry "ESP"]
[SourceTitle "CBM 104"]
[Source "ChessBase"]
[SourceDate "2005.01.27"]
[SourceVersion "1"]
[SourceVersionDate "2005.01.27"]
[SourceQuality "1"]
[WhiteTeam "Hong Kong"]
[BlackTeam "Nicaragua"]
[WhiteTeamCountry "HKG"]
[BlackTeamCountry "NCA"]

1. d4 Nf6 2. Bg5 e6 3. e4 h6 4. Bxf6 Qxf6 5. c3 d6 6. Bd3 Nc6 7. Ne2 d5 8. e5 Qe7 9. Nd2 Bd7 10. b4 g6 11. 0-0 Bg7 12. f4 0-0 13. g4 f5 14. Kh1 Qf7 15. gxf5 exf5 16. Qb3 Be6 17. Rg1 Ne7 18. Rg2 Kh8 19. Rag1 Rg8 20. Qd1 Qe8 21. Nf3 Bf7 22. Qe1 Qc6 23. Qh4 Qd7 24. Ng3 Raf8 25. Ng5 Be6 26. Nf1 Re8 27. Ne3 Rgf8 28. c4 c6 29. c5 Kg8 30. Nf3 Rf7 31. Qe1 Kh8 32. Nh4 g5 33. fxg5 f4 34. gxh6 Bxh6 35. Nc2 f3 36. Ng6+ Nxg6 37. Rxg6 Rh7 38. Qh4 Bh3 39. Qf6+ Bg7 40. Qxf3 Rf8 41. Qxf8+ 1-0

[Event "Olympiad-36"]
[Site "Mallorca"]
[Date "2004.10.19"]
[Round "5"]
[White "Salcedo, Ivan"]
[Black "Sirias Martinez, Danilo"]
[Result "0-1"]
[WhiteElo "2150"]
[BlackElo "2285"]
[PlyCount "80"]
[EventDate "2004.10.15"]
[EventType "team-swiss"]
[EventRounds "14"]
[EventCountry "ESP"]
[SourceTitle "CBM 104"]
[Source "ChessBase"]
[SourceDate "2005.01.27"]
[SourceVersion "1"]
[SourceVersionDate "2005.01.27"]
[SourceQuality "1"]
[WhiteTeam "Panama"]
[BlackTeam "Nicaragua"]
[WhiteTeamCountry "PAN"]
[BlackTeamCountry "NCA"]

1. e4 c5 2. Nf3 e6 3. d4 cxd4 4. Nxd4 a6 5. c4 Nf6 6. Bd3 Qc7 7. Nc3 Nc6 8. Nf3 b6 9. 0-0 Ng4 10. g3 h5 11. Bf4 d6 12. Rc1 Nce5 13. Bb1 Be7 14. h3 Nxf3+ 15. Qxf3 Ne5 16. Qd1 Bb7 17. Be3 g5 18. Bd4 g4 19. Bxe5 dxe5 20. h4 Bc5 21. b4 Bd4 22. Qd2 Rd8 23. Qg5 Qe7 24. Qxe7+ Kxe7 25. Ne2 Bb2 26. Rcd1 Ba3 27. b5 a5 28. Nc3 Bc5 29. Na4 Rxd1 30. Rxd1 Bd4 31. Kf1 Rh6 32. Rd2 Rf6 33. Nb2 Rh6 34. Nd1 Rh8 35. Ke2 Rc8 36. Bd3 Kd6 37. Ne3 Kc5 38. Nc2 Bc3 39. Rd1 f5 40. Ke3 Rd8 0-1